[Event "Tessenderlo CC-ch 0708"]
[Site "Tessenderlo"]
[Date "2008.05.15"]
[Round "9"]
[White "Laruelle, Leander"]
[Black "Jacobs, Roger"]
[Result "1/2-1/2"]
[WhiteElo "1703"]
[BlackElo "1527"]
[PlyCount "119"]
[EventDate "2007.10.25"]
[EventType "tourn"]
[EventRounds "9"]
[EventCountry "BEL"]
[SourceTitle "EXT 2010"]
[Source "ChessBase"]
[SourceDate "2010.11.25"]
[SourceVersion "1"]
[SourceVersionDate "2010.11.25"]
[SourceQuality "1"]

1. c4 e5 2. g3 Nf6 3. Bg2 Nc6 4. Nc3 d6 5. d3 Be7 6. Nf3 0-0 7. 0-0 Be6 8. a3 a5 9. Ng5 d5 10. Nxe6 fxe6 11. Bg5 d4 12. Bxf6 Bxf6 13. Ne4 Be7 14. Qc2 Qe8 15. c5 Rb8 16. Qc4 Qd7 17. Bh3 Nd8 18. b4 b5 19. cxb6 cxb6 20. b5 Rc8 21. Qb3 h6 22. Nd2 Rc3 23. Qb2 a4 24. Nc4 Rb3 25. Qc2 Qxb5 26. Rab1 e4 27. Rxb3 Qxb3 28. Qxb3 axb3 29. a4 exd3 30. exd3 Rf3 31. Rd1 Bc5 32. Kg2 Rf7 33. Rb1 Ra7 34. Rxb3 Rxa4 35. Kf3 Ra2 36. Bg4 Kf7 37. h4 Ra6 38. Rb2 Kf6 39. Ke2 Nc6 40. Bf3 Nb4 41. Be4 Ra2 42. f4 b5 43. Rxa2 Nxa2 44. Ne5 Nc3+ 45. Kd2 Bd6 46. Nf3 e5 47. f5 Bb4 48. Kc2 h5 49. Bc6 Ne2 50. Ng5 Nxg3 51. Ne4+ Nxe4 52. Bxe4 Be1 53. Kb3 b4 54. Kc4 Ke7 55. Bf3 Kf6 56. Be4 Bxh4 57. Kxb4 Bg3 58. Kb3 Kg5 59. Kc2 h4 60. Kd1 1/2-1/2

[Event "Tessenderlo CC-ch 0708"]
[Site "Tessenderlo"]
[Date "2008.04.03"]
[Round "7"]
[White "Kiers, Pieter"]
[Black "Jacobs, Roger"]
[Result "1-0"]
[WhiteElo "1572"]
[BlackElo "1527"]
[PlyCount "47"]
[EventDate "2007.10.25"]
[EventType "tourn"]
[EventRounds "9"]
[EventCountry "BEL"]
[SourceTitle "EXT 2010"]
[Source "ChessBase"]
[SourceDate "2010.11.25"]
[SourceVersion "1"]
[SourceVersionDate "2010.11.25"]
[SourceQuality "1"]

1. d4 d5 2. c4 e6 3. Nc3 Nf6 4. Bg5 Nbd7 5. cxd5 exd5 6. Qb3 c6 7. Nf3 Be7 8. e3 0-0 9. Bd3 h6 10. Bf4 c5 11. dxc5 Nxc5 12. Qc2 Ne6 13. Bg3 Nc5 14. 0-0 a6 15. Rad1 Bg4 16. Be2 Be6 17. a3 Rc8 18. Qb1 Qb6 19. Be5 Rfd8 20. Bd4 Qc7 21. Rc1 Qd7 22. Ne5 Qe8 23. Bd1 Bf5 24. Qxf5 1-0

[Event "Tessenderlo CC-ch 0708"]
[Site "Tessenderlo"]
[Date "2008.01.31"]
[Round "5"]
[White "Smits, Francois"]
[Black "Jacobs, Roger"]
[Result "0-1"]
[WhiteElo "1559"]
[BlackElo "1527"]
[PlyCount "80"]
[EventDate "2007.10.25"]
[EventType "tourn"]
[EventRounds "9"]
[EventCountry "BEL"]
[SourceTitle "EXT 2010"]
[Source "ChessBase"]
[SourceDate "2010.11.25"]
[SourceVersion "1"]
[SourceVersionDate "2010.11.25"]
[SourceQuality "1"]

1. e4 e5 2. Nf3 Nc6 3. Bc4 Bc5 4. Nc3 Nf6 5. d3 h6 6. a3 Qe7 7. 0-0 d6 8. h3 0-0 9. b4 Bb6 10. Na4 a6 11. Nxb6 cxb6 12. Be3 b5 13. Bb3 Be6 14. c4 Rad8 15. cxb5 axb5 16. Rc1 Ra8 17. Ra1 Ra6 18. Bxe6 fxe6 19. Qb3 Kh7 20. a4 Rfa8 21. a5 d5 22. Bc5 Qd7 23. exd5 exd5 24. Rfe1 Re8 25. Qb2 d4 26. Re2 Qd5 27. Rae1 Nd7 28. Nxd4 Nxc5 29. Nxc6 Nxd3 30. Qc2 Rxc6 31. Qb1 Rg6 32. f3 Nxe1 33. Qxe1 Qxf3 34. Rf2 Qxh3 35. Qe4 Qg4 36. Qxb7 Rd8 37. a6 Rd1+ 38. Rf1 Rxa6 39. Qxa6 Qd4+ 40. Kh2 Rxf1 0-1

[Event "Tessenderlo CC-ch 0708"]
[Site "Tessenderlo"]
[Date "2007.12.20"]
[Round "4"]
[White "Jacobs, Roger"]
[Black "De Wel, Herman"]
[Result "0-1"]
[WhiteElo "1569"]
[BlackElo "1893"]
[PlyCount "22"]
[EventDate "2007.10.25"]
[EventType "tourn"]
[EventRounds "9"]
[EventCountry "BEL"]
[SourceTitle "EXT 2010"]
[Source "ChessBase"]
[SourceDate "2010.11.25"]
[SourceVersion "1"]
[SourceVersionDate "2010.11.25"]
[SourceQuality "1"]

1. e4 c5 2. Nf3 e6 3. Nc3 a6 4. d4 cxd4 5. Nxd4 d6 6. g3 Nf6 7. Bg2 Be7 8. 0-0 0-0 9. Be3 Nbd7 10. f4 Qc7 11. b3 Qxc3 0-1

[Event "Tessenderlo CC-ch 0708"]
[Site "Tessenderlo"]
[Date "2007.12.13"]
[Round "3"]
[White "Jacobs, Roger"]
[Black "Claes, Jef"]
[Result "0-1"]
[WhiteElo "1569"]
[BlackElo "1776"]
[PlyCount "70"]
[EventDate "2007.10.25"]
[EventType "tourn"]
[EventRounds "9"]
[EventCountry "BEL"]
[SourceTitle "EXT 2010"]
[Source "ChessBase"]
[SourceDate "2010.11.25"]
[SourceVersion "1"]
[SourceVersionDate "2010.11.25"]
[SourceQuality "1"]

1. e4 e6 2. d4 d5 3. Nd2 dxe4 4. Nxe4 Bd7 5. Be2 Bc6 6. Bf3 Bxe4 7. Bxe4 c6 8. Nf3 Nf6 9. Bg5 Be7 10. Bxf6 Bxf6 11. 0-0 0-0 12. c3 Nd7 13. Re1 g6 14. Bd3 Bg7 15. Bc2 Nf6 16. Ne5 Qc7 17. Qf3 Rac8 18. Bb3 Rce8 19. Rad1 Nd5 20. Rd2 c5 21. Rde2 cxd4 22. cxd4 Rd8 23. Rc2 Qb6 24. Rc4 Qd6 25. g3 Nb6 26. Rcc1 Qxd4 27. Rcd1 Qb4 28. Nxf7 Rxd1 29. Rxd1 Nd5 30. Bxd5 exd5 31. Nh6+ Bxh6 32. Qxd5+ Kh8 33. b3 Qb6 34. Qg2 Rxf2 35. Rd8+ Rf8+ 0-1

[Event "Tessenderlo CC-ch 0607"]
[Site "Tessenderlo"]
[Date "2007.04.05"]
[Round "8"]
[White "De Wel, Herman"]
[Black "Jacobs, Roger"]
[Result "1-0"]
[WhiteElo "1848"]
[BlackElo "1605"]
[PlyCount "73"]
[EventDate "2006.09.21"]
[EventType "tourn"]
[EventRounds "11"]
[EventCountry "BEL"]
[SourceTitle "EXT 2008"]
[Source "ChessBase"]
[SourceDate "2007.11.25"]
[SourceVersion "1"]
[SourceVersionDate "2007.11.25"]
[SourceQuality "1"]

1. d4 Nf6 2. Nf3 d5 3. e3 Bg4 4. Nbd2 e6 5. Bd3 c5 6. c3 Nc6 7. h3 Bf5 8. Bxf5 exf5 9. 0-0 Ne4 10. dxc5 Bxc5 11. Nd4 0-0 12. Nxf5 Qg5 13. Nxe4 dxe4 14. Qd5 Ne7 15. Nxe7+ Qxe7 16. b4 Rad8 17. Qb3 Bb6 18. Bb2 Rd3 19. Rad1 Rfd8 20. Qc2 Qd6 21. Rxd3 Qxd3 22. Qxd3 Rxd3 23. a4 a5 24. b5 f5 25. g3 Bc5 26. Ra1 g5 27. c4 b6 28. Be5 Kf7 29. Ra2 Ke6 30. Ba1 Ra3 31. Rxa3 Bxa3 32. Bd4 Bc5 33. Kf1 h5 34. g4 hxg4 35. hxg4 fxg4 36. Bxc5 bxc5 37. Kg2 1-0

[Event "Tessenderlo CC-ch 0607"]
[Site "Tessenderlo"]
[Date "2007.02.23"]
[Round "6"]
[White "Smits, Francois"]
[Black "Jacobs, Roger"]
[Result "1-0"]
[WhiteElo "1542"]
[BlackElo "1605"]
[PlyCount "20"]
[EventDate "2006.09.21"]
[EventType "tourn"]
[EventRounds "11"]
[EventCountry "BEL"]
[SourceTitle "EXT 2008"]
[Source "ChessBase"]
[SourceDate "2007.11.25"]
[SourceVersion "1"]
[SourceVersionDate "2007.11.25"]
[SourceQuality "1"]

1. e4 e5 2. Nf3 Nc6 3. Nc3 Bc5 4. Bc4 Nf6 5. 0-0 0-0 6. a3 Nd4 7. d3 Nxf3+ 8. Qxf3 h6 9. Qg3 Nh5 10. Qxe5 Bxf2+ 1-0

[Event "Tessenderlo CC-ch"]
[Site "Tessenderlo"]
[Date "2006.05.04"]
[Round "10"]
[White "De Wel, Herman"]
[Black "Jacobs, Roger"]
[Result "1-0"]
[WhiteElo "1858"]
[BlackElo "1578"]
[PlyCount "61"]
[EventDate "2006.01.??"]
[EventType "tourn"]
[EventRounds "11"]
[EventCountry "BEL"]
[SourceTitle "EXT 2007"]
[Source "ChessBase"]
[SourceDate "2006.11.23"]
[SourceVersion "1"]
[SourceVersionDate "2006.11.23"]
[SourceQuality "1"]

1. d4 e6 2. c4 c5 3. dxc5 Bxc5 4. Nc3 h6 5. Nf3 Nf6 6. a3 a5 7. e3 0-0 8. Be2 b6 9. 0-0 Bb7 10. Qb3 d5 11. Rd1 Ba6 12. cxd5 Bxe2 13. Nxe2 exd5 14. Nc3 Nc6 15. Nxd5 Rb8 16. Nxf6+ Qxf6 17. Bd2 Ne5 18. Nxe5 Qxe5 19. Bc3 Qe7 20. Rd5 Qe6 21. Qd1 f6 22. Qd3 f5 23. b4 axb4 24. axb4 Be7 25. Ra7 Rbd8 26. Rad7 Rxd7 27. Rxd7 Bf6 28. Bxf6 Qxf6 29. Qd5+ Kh7 30. g3 Kg6 31. Rd6 1-0

[Event "Tessenderlo CC-ch"]
[Site "Tessenderlo"]
[Date "2006.03.02"]
[Round "9"]
[White "Jacobs, Roger"]
[Black "Poels, Georges"]
[Result "1-0"]
[WhiteElo "1584"]
[BlackElo "1607"]
[PlyCount "67"]
[EventDate "2006.01.??"]
[EventType "tourn"]
[EventRounds "11"]
[EventCountry "BEL"]
[SourceTitle "EXT 2007"]
[Source "ChessBase"]
[SourceDate "2006.11.23"]
[SourceVersion "1"]
[SourceVersionDate "2006.11.23"]
[SourceQuality "1"]

1. e4 c5 2. Nf3 d6 3. d4 cxd4 4. c3 dxc3 5. Nxc3 Nf6 6. h3 e5 7. Bc4 h6 8. 0-0 Be7 9. Be3 Nc6 10. Qb3 0-0 11. Bd5 Na5 12. Qc2 Nxd5 13. Nxd5 Be6 14. Qc7 Bxd5 15. Qxd8 Rfxd8 16. exd5 Nc4 17. b3 Nxe3 18. fxe3 e4 19. Nd2 f5 20. Rxf5 g6 21. Rf4 Rac8 22. Rxe4 Bf6 23. Rf1 Kg7 24. Re6 Be5 25. Re7+ Kg8 26. Rxb7 Rf8 27. Rxf8+ Kxf8 28. Nc4 Bg3 29. Rxa7 Re8 30. Rd7 Ra8 31. a3 Rb8 32. b4 Rb5 33. e4 Ke8 34. Rxd6 1-0

[Event "Limburg op g/60"]
[Site "Limburg"]
[Date "2006.02.08"]
[Round "3"]
[White "Vermeulen, Peter"]
[Black "Jacobs, Roger"]
[Result "1-0"]
[WhiteElo "1706"]
[BlackElo "1584"]
[PlyCount "55"]
[EventDate "2006.01.11"]
[EventType "swiss"]
[EventRounds "7"]
[EventCountry "BEL"]
[SourceTitle "EXT 2008"]
[Source "ChessBase"]
[SourceDate "2007.11.25"]
[SourceVersion "1"]
[SourceVersionDate "2007.11.25"]
[SourceQuality "1"]

1. Nf3 d5 2. d4 e6 3. e3 Nf6 4. Bd3 Nbd7 5. 0-0 Bd6 6. Nbd2 c5 7. c3 0-0 8. Re1 e5 9. e4 dxe4 10. Nxe4 Nxe4 11. Bxe4 exd4 12. cxd4 cxd4 13. Qxd4 Nc5 14. Bc2 Ne6 15. Qd3 f5 16. Rd1 Bc7 17. Qc4 Bd7 18. Ng5 Qc8 19. Bb3 Re8 20. Qd5 Re7 21. Qxf5 g6 22. Qf6 Qf8 23. Qxf8+ Kxf8 24. Rxd7 Rxd7 25. Nxe6+ Ke7 26. Bg5+ Kd6 27. Bf4+ Kc6 28. Rc1+ 1-0

[Event "Tessenderlo CC-ch"]
[Site "Tessenderlo"]
[Date "2005.12.18"]
[Round "5"]
[White "Kiers, Pieter"]
[Black "Jacobs, Roger"]
[Result "1-0"]
[WhiteElo "1649"]
[BlackElo "1584"]
[PlyCount "77"]
[EventDate "2005.??.??"]
[EventType "swiss"]
[EventRounds "9"]
[EventCountry "BEL"]
[SourceTitle "EXT 2007"]
[Source "ChessBase"]
[SourceDate "2006.11.23"]
[SourceVersion "1"]
[SourceVersionDate "2006.11.23"]
[SourceQuality "1"]

1. d4 Nf6 2. c4 e6 3. Nc3 c5 4. d5 exd5 5. cxd5 g6 6. e4 d6 7. Nf3 Bg7 8. Bf4 0-0 9. Bd3 a6 10. 0-0 b5 11. Qc2 Re8 12. Rae1 Bb7 13. Qd2 Nbd7 14. Bxd6 Ng4 15. h3 c4 16. Bc2 Nge5 17. Nxe5 Nxe5 18. Bc5 Bc8 19. f4 Qc7 20. Bd4 Nd3 21. Bxg7 Nxe1 22. Be5 Rxe5 23. fxe5 Qc5+ 24. Qf2 Qxf2+ 25. Rxf2 Nxc2 26. Rxc2 Ra7 27. d6 Be6 28. Rd2 Rb7 29. Nd5 b4 30. d7 Bxd7 31. Nf6+ Kg7 32. Rxd7 Rxd7 33. Nxd7 c3 34. bxc3 bxc3 35. Nc5 f5 36. exf5 gxf5 37. Kf2 c2 38. Nd3 Kf7 39. Ke3 1-0

[Event "Tessenderlo CC-ch"]
[Site "Tessenderlo"]
[Date "2005.10.06"]
[Round "1"]
[White "Ulburghs, Piet"]
[Black "Jacobs, Roger"]
[Result "0-1"]
[WhiteElo "1829"]
[BlackElo "1584"]
[PlyCount "158"]
[EventDate "2005.??.??"]
[EventType "swiss"]
[EventRounds "9"]
[EventCountry "BEL"]
[SourceTitle "EXT 2007"]
[Source "ChessBase"]
[SourceDate "2006.11.23"]
[SourceVersion "1"]
[SourceVersionDate "2006.11.23"]
[SourceQuality "1"]

1. c4 Nf6 2. Nc3 d5 3. cxd5 Nxd5 4. g3 Nxc3 5. bxc3 Bd7 6. Bg2 Nc6 7. Ba3 Rb8 8. Qc2 b6 9. Nf3 Qc8 10. 0-0 g6 11. Nd4 Na5 12. d3 c5 13. Nb3 Ba4 14. c4 Bg7 15. Rab1 0-0 16. Bb2 Nc6 17. Bxg7 Kxg7 18. Qc3+ Kg8 19. Nd2 Nd4 20. Rfd1 Bc6 21. e3 Bxg2 22. Kxg2 Qc6+ 23. f3 Ne6 24. Nb3 Ng5 25. Rf1 Qe6 26. d4 Qh3+ 27. Kg1 Qf5 28. e4 Qf6 29. e5 Qf5 30. d5 Rbd8 31. Rbd1 h5 32. Nd2 h4 33. Qe3 hxg3 34. hxg3 Kg7 35. f4 Nh3+ 36. Kg2 Rh8 37. Rh1 Qh5 38. Rde1 Qg4 39. Qf3 Qf5 40. Ne4 b5 41. Nxc5 bxc4 42. Rc1 Rb8 43. Qc3 Qg4 44. Qd2 Rb2 45. Qxb2 Nxf4+ 46. Kf2 Nh3+ 47. Rxh3 Rxh3 48. Rg1 Qf5+ 49. Kg2 Qh5 50. Kf1 Rh2 51. Rg2 Rh1+ 52. Kf2 Qf5+ 53. Ke2 Rf1 54. Qc3 Qb1 55. Ke3 Qd1 56. Re2 Qxd5 57. Ne4 Qc6 58. Qd4 c3 59. Qxc3 Qb6+ 60. Nc5 Rf5 61. Kd2 Qb1 62. a4 Rf1 63. Ke3 Qf5 64. Kd2 Rf3 65. Nd3 Rxg3 66. Qc5 Qxd3+ 67. Ke1 Rf3 68. Qb4 Re3 69. Qd2 Qxd2+ 70. Kxd2 Rxe2+ 71. Kxe2 f5 72. Ke3 Kf7 73. Kf4 Ke6 74. a5 a6 75. Kg5 Kxe5 76. Kxg6 f4 77. Kf7 e6 78. Ke7 f3 79. Kd7 f2 0-1

[Event "Tessenderlo CC-ch"]
[Site "Tessenderlo"]
[Date "2005.04.14"]
[Round "8"]
[White "Jacobs, Roger"]
[Black "De Wel, Herman"]
[Result "1-0"]
[WhiteElo "1553"]
[BlackElo "1933"]
[PlyCount "45"]
[EventDate "2005.??.??"]
[EventType "swiss"]
[EventRounds "9"]
[EventCountry "BEL"]
[SourceTitle "EXT 2007"]
[Source "ChessBase"]
[SourceDate "2006.11.23"]
[SourceVersion "1"]
[SourceVersionDate "2006.11.23"]
[SourceQuality "1"]

1. e4 c5 2. Nc3 e6 3. Bc4 a6 4. a4 Nc6 5. Nf3 Nge7 6. d4 d5 7. exd5 Nxd5 8. 0-0 Nxc3 9. bxc3 Qc7 10. Re1 cxd4 11. cxd4 Bb4 12. Re3 0-0 13. Ba3 Bxa3 14. Raxa3 Ne7 15. Rec3 Qd6 16. Bd3 Bd7 17. Bxh7+ Kxh7 18. Ng5+ Kg6 19. Rg3 Qxa3 20. Rxa3 Kxg5 21. Rg3+ Kf6 22. Qh5 g6 23. Qe5# 1-0